Ako postupovať pri tvorbe protikorupčnej stratégie

Postup krokov, ktoré sú dôležité pri vytvorení stratégie, ktorá minimalizuje priestor pre korupciu. Odporúčania pre tých, ktorí chcú zaviesť protikorupčné opatrenia.

Gespeichert in:
Bibliographische Detailangaben
1. Verfasser: Zemanovičová, Daniela
Format: Buchkapitel
Sprache:Slowakisch
Schlagworte:
Tags: Tag hinzufügen
Keine Tags, Fügen Sie das erste Tag hinzu!

MARC

LEADER 00000naa$a2200000$$$4500
001 0015096
005 20041019155800.9
041 0 |a slo 
044 |a SK 
245 1 0 |a Ako postupovať pri tvorbe protikorupčnej stratégie  |c aut. Daniela Zemanovičová 
520 |a Postup krokov, ktoré sú dôležité pri vytvorení stratégie, ktorá minimalizuje priestor pre korupciu. Odporúčania pre tých, ktorí chcú zaviesť protikorupčné opatrenia. 
610 2 0 |a korupcia 
610 2 0 |a opatrenia 
100 1 |a Zemanovičová, Daniela